| 000 | 00637nam a22001937a 4500 | ||
|---|---|---|---|
| 003 | 0 | ||
| 005 | 20230912144513.0 | ||
| 008 | 230912b xxu||||| |||| 00| 0 eng d | ||
| 020 | _a978-1-03-200442-6 | ||
| 050 |
_aML 3795 _b.C36 2023 |
||
| 245 |
_aComposing for the screen _cedited by Scott W. Hallgren |
||
| 260 |
_aLondon _bRoutledge _cc2023. |
||
| 300 |
_axvi, 211 pages : _bb&w ill. ; _c23cm. |
||
| 500 | _aMotion picture music--Vocational guidance. | ||
| 504 | _aIncludes bibliographical references and index. | ||
| 650 | _aMotion picture music--Vocational guidance. | ||
| 650 | _aFilm composer--Interview. | ||
| 942 |
_2lcc _cBK |
||
| 999 |
_c365283 _d365283 |
||